| 000 | 00456nam a22001817a 4500 | ||
|---|---|---|---|
| 003 | CEME | ||
| 005 | 20210628202802.0 | ||
| 008 | 210118b xxu||||| |||| 00| 0 eng d | ||
| 020 | _a0-7503-0902-4 | ||
| 040 | _c. | ||
| 082 | _a666 BAR | ||
| 100 |
_aBarsoum, Michel W _961606 |
||
| 245 | _aFundamentals of ceramics | ||
| 260 |
_aNEW YORK _bTAYLOR AND FRANCIS _c2003 |
||
| 300 | _aXVIII,604 P | ||
| 650 |
_aCERAMIC ENGINEERING _961607 |
||
| 942 |
_cBK _2ddc |
||
| 999 |
_c571006 _d571006 |
||